| 000 | 00526nam a2200169 4500 | ||
|---|---|---|---|
| 003 | OSt | ||
| 082 |
_a631.587 _bANG/AU |
||
| 088 | _aP 619 | ||
| 100 |
_aAngeleena Cathereen Joseph _96228 |
||
| 245 | _aAutomation of alternate wetting and drying method and methane estimation for paddy / | ||
| 260 |
_aTavanur : _bDepartment of Irrigation & Drainage Engineering, _c2024. |
||
| 700 |
_aVarna Muraleedharan _96229 |
||
| 700 |
_aArdra K _96230 |
||
| 700 |
_aMusharaf Nasar _96231 |
||
| 700 |
_aSajeena S (Guide) _93197 |
||
| 942 | _cPR | ||
| 999 |
_c18095 _d18095 |
||